000 00594nam a2200241Ia 4500
008 170711s9999 xx 000 0 und d
020 _a9780060889166
050 _a395
050 _bP857 2006
100 _aPost, Peggy
245 _aExcuse me, but I was next… :
245 _bhow to handle the top 100 manners dilemmas /
245 _cby Peggy Post.
260 _aNew York :
260 _bCollins,
260 _c2006
300 _axx, 282 pages :
300 _billustrations ;
300 _c21cm.
500 _aIncludes index.
650 _aEtiquette.
700 _aTitle.
999 _c339842
_d339842